[Event "SEMI Black Knight's Tango-A email"]
[Site "SEMI email"]
[Date "2000.08.10"]
[Round "?"]
[White "Collins, Casey"]
[Black "Marcotulli, Giancarlo"]
[Result "0-1"]
[WhiteElo "1215"]
[BlackElo "2096"]
[PlyCount "60"]
[EventDate "2000.08.10"]
[EventType "tourn (corr)"]
[EventRounds "6"]
[EventCountry "ITA"]
[SourceTitle "Corr 2008"]
[Source "ChessBase"]
[SourceDate "2008.06.24"]
[SourceVersion "1"]
[SourceVersionDate "2008.06.24"]
[SourceQuality "1"]

1. d4 Nf6 2. c4 Nc6 3. Nf3 d6 4. Nc3 g6 5. d5 Ne5 6. Nxe5 dxe5 7. e4 Bg7 8. Be2 0-0 9. 0-0 e6 10. h4 exd5 11. cxd5 Ne8 12. h5 gxh5 13. Bxh5 Nd6 14. b3 f5 15. Ba3 Qh4 16. Bxd6 cxd6 17. g3 Qg5 18. Bf3 f4 19. Kg2 Rf6 20. Rh1 fxg3 21. fxg3 Qe3 22. Nb5 Bd7 23. Qe2 Rxf3 24. Qxf3 Qxf3+ 25. Kxf3 Bxb5 26. Rac1 Rf8+ 27. Kg2 Bd3 28. Rh4 Bf6 29. Rg4+ Kh8 30. b4 Be2 0-1

[Event "SEMI WRG2 theme corr"]
[Site "SEMI email"]
[Date "1999.??.??"]
[Round "?"]
[White "Capoccia, Angelo Antonio"]
[Black "Collins, Casey"]
[Result "1-0"]
[WhiteElo "1926"]
[BlackElo "1142"]
[PlyCount "63"]
[EventDate "1999.09.20"]
[EventType "tourn (corr)"]
[EventRounds "6"]
[EventCountry "ITA"]
[SourceTitle "Corr 2008"]
[Source "ChessBase"]
[SourceDate "2008.06.24"]
[SourceVersion "1"]
[SourceVersionDate "2008.06.24"]
[SourceQuality "1"]

1. e4 e6 2. d4 d5 3. Nc3 Bb4 4. a3 Bxc3+ 5. bxc3 dxe4 6. f3 c5 7. Nh3 Qa5 8. Bd2 e3 9. Bxe3 Qxc3+ 10. Kf2 Nf6 11. dxc5 0-0 12. Bd3 Nc6 13. Ng5 h6 14. Ne4 Nxe4+ 15. Bxe4 Rd8 16. Qb1 f5 17. Bd3 e5 18. Qe1 Qxe1+ 19. Rhxe1 f4 20. Bc1 Kf7 21. Bb2 Kf6 22. Rad1 Bf5 23. g4 Bxd3 24. cxd3 Nd4 25. Rb1 Rd5 26. Bxd4 Rxd4 27. Rxb7 Rxd3 28. a4 Rd2+ 29. Re2 Rxe2+ 30. Kxe2 Rc8 31. Rxa7 Rxc5 32. h4 1-0

[Event "SEMI W-ch3 Latvian gam-A corr"]
[Site "SEMI email"]
[Date "1999.??.??"]
[Round "?"]
[White "Collins, Casey"]
[Black "Hage, Henk H"]
[Result "0-1"]
[WhiteElo "1123"]
[BlackElo "2400"]
[PlyCount "42"]
[EventDate "1999.04.06"]
[EventType "tourn (corr)"]
[EventRounds "6"]
[EventCountry "ITA"]
[SourceTitle "Corr 2008"]
[Source "ChessBase"]
[SourceDate "2008.06.24"]
[SourceVersion "1"]
[SourceVersionDate "2008.06.24"]
[SourceQuality "1"]

1. e4 e5 2. Nf3 f5 3. Nxe5 Qf6 4. d4 d6 5. Nc4 fxe4 6. Qh5+ g6 7. Qe2 d5 8. Ne5 Nd7 9. f4 c6 10. c4 Bb4+ 11. Bd2 Bxd2+ 12. Qxd2 Ne7 13. Nc3 0-0 14. cxd5 Nxd5 15. Nxe4 Qxf4 16. Qxf4 Rxf4 17. Bd3 Nxe5 18. dxe5 Bf5 19. Nc5 Re8 20. Bxf5 gxf5 21. Nd3 Rd4 0-1

[Event "SEMI Scotch theme corr"]
[Site "SEMI email"]
[Date "1999.??.??"]
[Round "?"]
[White "Collins, Casey"]
[Black "Herbst, Bernd"]
[Result "1/2-1/2"]
[WhiteElo "1123"]
[BlackElo "1821"]
[PlyCount "86"]
[EventDate "1999.03.15"]
[EventType "tourn (corr)"]
[EventRounds "8"]
[EventCountry "ITA"]
[SourceTitle "Corr 2008"]
[Source "ChessBase"]
[SourceDate "2008.06.24"]
[SourceVersion "1"]
[SourceVersionDate "2008.06.24"]
[SourceQuality "1"]

1. e4 e5 2. Nf3 Nc6 3. d4 exd4 4. Nxd4 Nf6 5. Nxc6 bxc6 6. e5 Qe7 7. Qe2 Nd5 8. c4 Ba6 9. Nd2 g6 10. Qe4 f5 11. exf6 Nxf6 12. Qxe7+ Bxe7 13. Be2 0-0 14. 0-0 Rae8 15. Bf3 Bb4 16. b3 Bc3 17. Rb1 g5 18. g4 d5 19. Rd1 Nd7 20. Bg2 Re2 21. Nf3 Ne5 22. Nxe5 Bxe5 23. Be3 Rxa2 24. cxd5 Be2 25. Rd2 Rxd2 26. Bxd2 Bd4 27. Be3 Bxe3 28. fxe3 Bxg4 29. Rc1 Bd7 30. dxc6 Be6 31. Ra1 Ra8 32. Ra5 h6 33. Rb5 Rf8 34. Rb7 Rf7 35. b4 a6 36. Bf1 Bd5 37. Ra7 Kf8 38. Bxa6 Bxc6 39. Bc4 Re7 40. Ra6 Bb7 41. Rxh6 Rxe3 42. Rh7 Re7 43. Rxe7 Kxe7 1/2-1/2

[Event "SEMI W-ch3 Latvian gam-A corr"]
[Site "SEMI email"]
[Date "1999.??.??"]
[Round "?"]
[White "Collins, Casey"]
[Black "Malmstroem, Jan"]
[Result "0-1"]
[WhiteElo "1123"]
[BlackElo "2273"]
[PlyCount "36"]
[EventDate "1999.04.06"]
[EventType "tourn (corr)"]
[EventRounds "6"]
[EventCountry "ITA"]
[SourceTitle "Corr 2008"]
[Source "ChessBase"]
[SourceDate "2008.06.24"]
[SourceVersion "1"]
[SourceVersionDate "2008.06.24"]
[SourceQuality "1"]

1. e4 e5 2. Nf3 f5 3. Nxe5 Qf6 4. d4 d6 5. Nc4 fxe4 6. Qh5+ g6 7. Qe2 d5 8. Ne5 Nd7 9. f4 Bg7 10. Be3 Ne7 11. Nc3 c6 12. g4 Nxe5 13. fxe5 Qh4+ 14. Bf2 Qxg4 15. Qxg4 Bxg4 16. a4 0-0 17. b4 Nf5 18. Nd1 e3 0-1

[Event "SEMI WRG2 theme corr"]
[Site "SEMI email"]
[Date "1999.??.??"]
[Round "?"]
[White "Collins, Casey"]
[Black "Novello, Guido"]
[Result "0-1"]
[WhiteElo "1142"]
[BlackElo "1600"]
[PlyCount "42"]
[EventDate "1999.09.20"]
[EventType "tourn (corr)"]
[EventRounds "6"]
[EventCountry "ITA"]
[SourceTitle "Corr 2008"]
[Source "ChessBase"]
[SourceDate "2008.06.24"]
[SourceVersion "1"]
[SourceVersionDate "2008.06.24"]
[SourceQuality "1"]

1. e4 e6 2. d4 d5 3. Nc3 Bb4 4. a3 Bxc3+ 5. bxc3 dxe4 6. f3 c5 7. Bb5+ Bd7 8. a4 Nc6 9. fxe4 Qh4+ 10. Ke2 Qxe4+ 11. Kf2 cxd4 12. Nf3 dxc3 13. Re1 Qf5 14. Ba3 Rd8 15. Kg1 Nge7 16. Bd6 a6 17. Rb1 axb5 18. Rxb5 Qg4 19. Rg5 Qxa4 20. Rxg7 Nf5 21. Rxf7 Nxd6 0-1

[Event "SEMI Scotch theme corr"]
[Site "SEMI email"]
[Date "1999.??.??"]
[Round "?"]
[White "Collins, Casey"]
[Black "Rebaudo, Nino"]
[Result "0-1"]
[WhiteElo "1123"]
[BlackElo "1853"]
[PlyCount "27"]
[EventDate "1999.03.15"]
[EventType "tourn (corr)"]
[EventRounds "8"]
[EventCountry "ITA"]
[SourceTitle "Corr 2008"]
[Source "ChessBase"]
[SourceDate "2008.06.24"]
[SourceVersion "1"]
[SourceVersionDate "2008.06.24"]
[SourceQuality "1"]

1. e4 e5 2. Nf3 Nc6 3. d4 exd4 4. Nxd4 Nf6 5. Nxc6 bxc6 6. e5 Qe7 7. Qe2 Nd5 8. c4 Nb6 9. Bf4 Qb4+ 10. Nd2 Qxb2 11. Rb1 Qxa2 12. Qe4 a5 13. Bd3 Bb4 14. e6 0-1

[Event "SEMI Scotch theme corr"]
[Site "SEMI email"]
[Date "1999.??.??"]
[Round "?"]
[White "Collins, Casey"]
[Black "Viola, Matteo"]
[Result "0-1"]
[WhiteElo "1123"]
[BlackElo "1880"]
[PlyCount "44"]
[EventDate "1999.03.15"]
[EventType "tourn (corr)"]
[EventRounds "8"]
[EventCountry "ITA"]
[SourceTitle "Corr 2008"]
[Source "ChessBase"]
[SourceDate "2008.06.24"]
[SourceVersion "1"]
[SourceVersionDate "2008.06.24"]
[SourceQuality "1"]

1. e4 e5 2. Nf3 Nc6 3. d4 exd4 4. Nxd4 Nf6 5. Nxc6 bxc6 6. e5 Qe7 7. Qe2 Nd5 8. h4 f6 9. c4 Ba6 10. Rh3 fxe5 11. Ra3 Nb4 12. Nc3 Qxh4 13. g3 Qd4 14. Rxa6 Nxa6 15. Bf4 0-0-0 16. Bxe5 Qb6 17. a3 Re8 18. 0-0-0 Bd6 19. f4 Rhf8 20. Na4 Qa5 21. Qc2 Bxe5 22. fxe5 Qxe5 0-1

[Event "SEMI W-ch3 Latvian gam-A corr"]
[Site "SEMI email"]
[Date "1999.??.??"]
[Round "?"]
[White "Malmstroem, Jan"]
[Black "Collins, Casey"]
[Result "1-0"]
[WhiteElo "2273"]
[BlackElo "1123"]
[PlyCount "33"]
[EventDate "1999.04.06"]
[EventType "tourn (corr)"]
[EventRounds "6"]
[EventCountry "ITA"]
[SourceTitle "Corr 2008"]
[Source "ChessBase"]
[SourceDate "2008.06.24"]
[SourceVersion "1"]
[SourceVersionDate "2008.06.24"]
[SourceQuality "1"]

1. e4 e5 2. Nf3 f5 3. Nc3 Nf6 4. Bc4 fxe4 5. Nxe5 d5 6. Nxd5 Nxd5 7. Qh5+ g6 8. Nxg6 hxg6 9. Qxg6+ Kd7 10. Bxd5 Qe7 11. Bxe4 Rh6 12. Qf5+ Kd8 13. Qf3 Nc6 14. d3 Nd4 15. Qd1 Rg6 16. h4 Rxg2 17. c3 1-0

[Event "SEMI WRG2 theme corr"]
[Site "SEMI email"]
[Date "1999.??.??"]
[Round "?"]
[White "Marcotulli, Giancarlo"]
[Black "Collins, Casey"]
[Result "1-0"]
[WhiteElo "1600"]
[BlackElo "1142"]
[PlyCount "43"]
[EventDate "1999.09.20"]
[EventType "tourn (corr)"]
[EventRounds "6"]
[EventCountry "ITA"]
[SourceTitle "Corr 2008"]
[Source "ChessBase"]
[SourceDate "2008.06.24"]
[SourceVersion "1"]
[SourceVersionDate "2008.06.24"]
[SourceQuality "1"]

1. e4 e6 2. d4 d5 3. Nc3 Bb4 4. a3 Bxc3+ 5. bxc3 dxe4 6. f3 c5 7. Bb2 cxd4 8. Qxd4 Qxd4 9. cxd4 exf3 10. Nxf3 Ne7 11. Bd3 0-0 12. c4 Nd7 13. 0-0 b6 14. Ng5 g6 15. Bc3 a5 16. Rad1 Ba6 17. d5 exd5 18. cxd5 h6 19. Bxa6 Rxa6 20. Ne4 f5 21. Nd6 Nf6 22. Bxf6 1-0

[Event "SEMI French Tarrasch theme3 corr"]
[Site "SEMI email"]
[Date "1999.??.??"]
[Round "?"]
[White "Perez, Giorgio"]
[Black "Collins, Casey"]
[Result "1-0"]
[WhiteElo "2002"]
[BlackElo "1123"]
[PlyCount "73"]
[EventDate "1999.10.01"]
[EventType "tourn (corr)"]
[EventRounds "9"]
[EventCountry "ITA"]
[SourceTitle "Corr 2008"]
[Source "ChessBase"]
[SourceDate "2008.06.24"]
[SourceVersion "1"]
[SourceVersionDate "2008.06.24"]
[SourceQuality "1"]

1. e4 e6 2. d4 d5 3. Nd2 Nf6 4. e5 Nfd7 5. f4 c5 6. c3 Nc6 7. Ndf3 Qb6 8. g3 cxd4 9. cxd4 Bb4+ 10. Kf2 f5 11. Kg2 Qd8 12. Bd3 Nb6 13. Ne2 Bd7 14. h3 Be7 15. a3 h5 16. h4 a6 17. Re1 Rh6 18. b3 Bc8 19. Bb2 Nd7 20. Rc1 Nf8 21. b4 Ng6 22. Qb3 Nxh4+ 23. gxh4 Bxh4 24. Nxh4 Qxh4 25. Rh1 Qe7 26. b5 axb5 27. Bxb5 Bd7 28. Rc3 h4 29. Bc1 Na5 30. Qa4 Ra6 31. Bxd7+ Qxd7 32. Rc8+ Ke7 33. Qb4+ Kf7 34. Qf8+ Kg6 35. Rg1 Rh7 36. Kh1+ Kh5 37. Rc3 1-0